Quiz Littérature - Statistiques

Statistiques générales
  • Ce quiz a été pris 359 fois
    118 depuis la dernière actualisation
  • Le résultat moyen est 29 sur 54
Statistiques - réponses
Œuvre Auteur % Correct
Les Misérables Victor Hugo
93%
La Peste Albert Camus
91%
Les Fleurs du Mal Charles Baudelaire
91%
Madame Bovary Gustave Flaubert
90%
Le comte de Monte-Cristo Alexandre Dumas
89%
Le Petit Prince Antoine de Saint-Exupéry
89%
Gargantua François Rabelais
89%
Le Père Goriot Honoré de Balzac
87%
Voyage au bout de la nuit Louis-Ferdinand Céline
83%
La Ferme des Animaux George Orwell
78%
La Métamorphose Franz Kafka
76%
Lettres persanes Montesquieu
76%
Les Hauts de Hurlevent Emily Brontë
75%
Le Portrait de Dorian Gray Oscar Wilde
75%
La Chartreuse de Parme Stendhal
72%
Orgueil et Préjugés Jane Austen
71%
Les Raisins de la Colère John Steinbeck
71%
Les Liaisons Dangereuses Pierre Chordelos de Laclos
71%
La Divine Comédie Dante Alighieri
70%
Andromaque Jean Racine
69%
Le Vieil Homme et la Mer Ernest Hemingway
63%
Mémoires d'outre-tombe François René de Chateaubriand
63%
Le Nom de la Rose Umberto Eco
63%
La Mare au Diable George Sand
61%
J'irai cracher sur vos tombes Boris Vian
60%
Oliver Twist Charles Dickens
60%
Crime et Châtiment Fiodor Dostoïevski
60%
Le Grand Meaulnes Alain Fournier
59%
Alice au Pays des Merveilles Lewis Carroll
59%
L'Amant Marguerite Duras
54%
Les Fausses Confidences Marivaux
52%
Arsène Lupin Maurice Leblanc
51%
Maigret Georges Simenon
47%
Le Hussard sur le Toit Jean Giono
47%
Mémoires d'Hadrien Marguerite Yourcenar
47%
La Religieuse Denis Diderot
39%
Moby Dick Herman Melville
39%
Poil de Carotte Jules Renard
39%
Belle du Seigneur Albert Cohen
36%
Les Rois Maudits Maurice Druon
34%
Le Parfum Patrick Süskind
33%
Hygiène de l'Assassin Amélie Nothomb
32%
La Symphonie Pastorale André Gide
31%
Cent ans de solitude Gabriel Garcia Marquez
26%
Les Piliers de la Terre Ken Follett
24%
Ivanhoé Walter Scott
24%
Le dernier des mohicans James Fenimore Cooper
17%
L'Alchimiste Paolo Coelho
15%
Millénium Stieg Larsson
13%
L'Amant de lady Chatterley D. H. Lawrence
9%
La Chamade Françoise Sagan
9%
Les Deux Nigauds Comtesse de Ségur
8%
Vingt poèmes d'amour et une chanson désespérée Pablo Neruda
5%
Pierre de Soleil Octavio Paz
1%
Aucun quiz correspondant
Distribution des résultats
% des personnes avec chaque résultat
Percentile par nombre de réponses
Votre historique - résultats
Vous n’avez pas pris ce quiz depuis la dernière actualisation